01397 2200301 4500001002100000005001500021035002000036006001800056007000300074008004100077020001800118040002200136082000800158084001400166100003900180245011500219250002200334264003400356300004300390336002100433337003000454338002300484504003400507520051300541650001201054850001201066990001701078INLIS00000000084239720260114093956 a0010-0126000006aa g b 000 0ta260114 g 0 ind  a979-526-164-9 aJKPNPNAbinderda a577 a577 ZOE p0 aZoer'aini Djamal Irwan,ePengarang1 aPrinsip-prinsip ekologi :bekosistem, lingkungan dan pelestariannya /cProf. Dr. Zoer'aini Djamal Irwan, M.Si. aCetakan kesebelas aJakarta :bBumi Aksara,c2018 axiv, 210 halaman :bilustrasi ;c21 cm 2rdacontentateks 2rdamediaatanpa perantara 2rdacarrieravolume aBibliografi : halaman 197-204 aEkologi sebagai ilmu tentang interaksi antara organisme dan lingkungan adalah dasar untuk meningkatkan kenaekaragaman hayati untuk memperkaya kehidupan dibumi. Kehidupan tidak lepas dari interaksi dengan lingkungan yang mendukung adanya keseimbangan dalam hidup. Buku ini membahas prinsip-prinsip ekologi secara teoritis dan aplikatif. Mulai dari pengertian ekologi, proses adaptasi, ekosistem alami dan buatan, unsur-unsur penyusun biosfer, jenis-jenis ekosistem sampai kajian tentang keanekaragaman hayati. 4aEkologi aJKPNPNA a2022/HD/0139